THE MERCK INDEX (Record no. 17458)

MARC details
000 -LEADER
fixed length control field 00361nam a22001577a 4500
003 - CONTROL NUMBER IDENTIFIER
control field SGT
020 ## - INTERNATIONAL STANDARD BOOK NUMBER
International Standard Book Number 978-1-84973-670-1
082 ## - DEWEY DECIMAL CLASSIFICATION NUMBER
Classification number 615.19
Item number N13M
100 ## - MAIN ENTRY--PERSONAL NAME
Personal name NEIL,MARYADELE,J.O,ED.
245 ## - TITLE STATEMENT
Title THE MERCK INDEX
250 ## - EDITION STATEMENT
Edition statement 15TH
260 ## - PUBLICATION, DISTRIBUTION, ETC. (IMPRINT)
Place of publication, distribution, etc CAMBRIDGE
Name of publisher, distributor, etc ROYAL SOCIETY OF CHEMISTRY
Year of Publication 2013
300 ## - PAGE DESCRIPTION
No. of Pages NI-388
650 ## - SUBJECT ADDED ENTRY--TOPICAL TERM
Topical term or geographic name as entry element PHARMACY
942 ## - ADDED ENTRY ELEMENTS (KOHA)
Source of classification or shelving scheme Dewey Decimal Classification
Koha item type Books
942 ## - ADDED ENTRY ELEMENTS (KOHA)
-- 1
Holdings
Withdrawn status Lost status Source of classification or shelving scheme Damaged status Not for loan Collection code Home library Current library Shelving location Date acquired Vendor Name Cost, normal purchase price SGTU Bill Number Total Checkouts Full call number Accession No. (Barcode) Date last seen Date last borrowed Bill Date Koha item type
    Dewey Decimal Classification     PHARMACY SGT FA-FP Library SGT FA-FP Library Reference Book 12/04/2019 AHUJA PUB 9669.00 SGTU 10939 1 615.19 N13M FP3373 26/11/2024 26/11/2024 09/04/2019 Books